000 00634nam a2200205Ii 4500
003 JO-AjNU
008 230605s9999||||xx |||||||||||||| ||und||
020 _a978-9957-30-0
040 _aJO-AjNU
_bara
_erda
_cJO-AjNU
041 _aara
050 1 4 _aPJ7541 2009
100 3 _aإبراهيم، ريكان,
_eauthor
_950076
245 0 0 _aمكابدات زليخة: شعر
264 3 1 _aعمان: دار فضاءات للنشر والتوزيع، 2009
300 _a168ص
336 _atext
_btxt
_2rdacontent
337 _aunmediated
_bn
_2rdamedia
338 _avolume
_bnc
_2rdacarrier
650 4 _aالشعر العربي
_950077
999 _aA22035
_c25603
_d25603